Library Banner

The landscape of man : (Record no. 114649)

MARC details
000 -LEADER
fixed length control field 00833cam a2200241 a 4500
001 - CONTROL NUMBER
control field 2544388
005 - DATE AND TIME OF LATEST TRANSACTION
control field 20191114112353.0
008 - FIXED-LENGTH DATA ELEMENTS--GENERAL INFORMATION
fixed length control field 950803s1995 nyua b 001 0 eng
020 ## - INTERNATIONAL STANDARD BOOK NUMBER
International Standard Book Number 0500278199
040 ## - CATALOGING SOURCE
Transcribing agency PK-LaUMT
082 00 - DEWEY DECIMAL CLASSIFICATION NUMBER
Classification number 712
Edition number 20
Item number JEL-L
100 1# - MAIN ENTRY--PERSONAL NAME
Personal name Jellicoe, Geoffrey
245 14 - TITLE STATEMENT
Title The landscape of man :
Remainder of title shaping the environment from prehistory to the present day /
Statement of responsibility, etc Geoffrey and Susan Jellicoe.
250 ## - EDITION STATEMENT
Edition statement 3rd ed., expanded and updated, Rev. and enl. ed.
260 ## - PUBLICATION, DISTRIBUTION, ETC. (IMPRINT)
Place of publication, distribution, etc London :
Name of publisher, distributor, etc Thames and Hudson,
Date of publication, distribution, etc 1995
300 ## - PHYSICAL DESCRIPTION
Extent 408 p. :
Other physical details ill. ;
Dimensions 29 cm.
650 #0 - SUBJECT ADDED ENTRY--TOPICAL TERM
Topical term or geographic name as entry element Landscape architecture
General subdivision History.
650 #0 - SUBJECT ADDED ENTRY--TOPICAL TERM
Topical term or geographic name as entry element Nature
General subdivision Effect of human beings on
-- History.
650 #0 - SUBJECT ADDED ENTRY--TOPICAL TERM
Topical term or geographic name as entry element Landscape architecture
General subdivision History
650 #0 - SUBJECT ADDED ENTRY--TOPICAL TERM
Topical term or geographic name as entry element Nature
General subdivision Effect of human beings on
-- History
700 1# - ADDED ENTRY--PERSONAL NAME
Personal name Jellicoe, Susan.
942 ## - ADDED ENTRY ELEMENTS (KOHA)
Koha item type Books
Holdings
Withdrawn status Lost status Damaged status Home library Current library Date acquired Full call number Barcode Date last seen Price effective from Koha item type Copy number
      UMT Main Campus UMT Main Campus 2019-11-14 712 JEL-L 132574 2021-10-29 2019-11-14 Books  
      UMT Main Campus UMT Main Campus 2019-12-12 712 JEL-L 132700 2021-07-29 2019-12-12 Books C. 2